000 00314 a2200145 4500
020 _a978-3-8228-2567-9
040 _aISPLB
082 _a72
_b72
100 _91188
_aFREY ,Claudia
245 _aArchitecture Now
260 _aItaly
_bTashen
_c2004.
300 _a190p
650 _aArquitectura
942 _cLivros
999 _c2361
_d2361